<?xml version="1.0" encoding="UTF-8"?>
<record
    xmlns:xsi="http://www.w3.org/2001/XMLSchema-instance"
    xsi:schemaLocation="http://www.loc.gov/MARC21/slim http://www.loc.gov/standards/marcxml/schema/MARC21slim.xsd"
    xmlns="http://www.loc.gov/MARC21/slim">

  <leader>01931nam a2200277Ia 4500</leader>
  <controlfield tag="001">H8151</controlfield>
  <controlfield tag="003">IT-RoPAU</controlfield>
  <controlfield tag="008">130308s9999    xx            000 0 und d</controlfield>
  <datafield tag="040" ind1=" " ind2=" ">
    <subfield code="a">IT-RoPAU</subfield>
  </datafield>
  <datafield tag="040" ind1=" " ind2=" ">
    <subfield code="c">IT-RoPAU</subfield>
  </datafield>
  <datafield tag="041" ind1=" " ind2=" ">
    <subfield code="a">ITALIANO</subfield>
  </datafield>
  <datafield tag="100" ind1=" " ind2=" ">
    <subfield code="a">Colazzo Cosimo</subfield>
  </datafield>
  <datafield tag="100" ind1=" " ind2=" ">
    <subfield code="g">Codice Aut. SPICS: 59244</subfield>
  </datafield>
  <datafield tag="245" ind1=" " ind2=" ">
    <subfield code="a">Musica al cinema: l'opera rock. Percorsi cinematografici per la scuola</subfield>
  </datafield>
  <datafield tag="245" ind1=" " ind2=" ">
    <subfield code="b">Musica al Cinema: L'Opera Rock. Percorsi Cinematografici per la Scuola</subfield>
  </datafield>
  <datafield tag="250" ind1=" " ind2=" ">
    <subfield code="a">1a ed.</subfield>
  </datafield>
  <datafield tag="260" ind1=" " ind2=" ">
    <subfield code="b">Giunta Della Provincia Autonoma Di Tren</subfield>
  </datafield>
  <datafield tag="260" ind1=" " ind2=" ">
    <subfield code="c">2004 [1&#xB0; Ed.:2004 - Ed.Ling.Originale:2004]</subfield>
  </datafield>
  <datafield tag="300" ind1=" " ind2=" ">
    <subfield code="a">"236 p. (prefazione: no ; testo: 236 [pagine: 0-0])"</subfield>
  </datafield>
  <datafield tag="500" ind1=" " ind2=" ">
    <subfield code="a">"Jesus Christ Superstar di N. Jewison: Composizione Formale e Linguaggio Audiovisivo; Articolazione Formale e Stile; Analisi. Approfondimenti: Come E'Nato Jesus Christ Superstar, Alcuni Antefatti, marcia di Avvicinamento a Broadway, Altre Storie; Appunti per una Definizione di Opera Rock; Musical Ecultura Rock, Incroci ed Innesti; Woodstok; Norman Jewison, Regista, Filmografia. Hair di M. Forman: Composizione Formale e Linguaggio Audiovisivo; Articolazione Formale e Stile; Analisi. Approfondimenti: Rock delle Origini e Cinema, trib&#xF9; dei Giovani; Musical e Cultura Rock, Verso Et&#xE0; Acquario; Peyote e Lsd 2 Miti Cultura Beat; Easy Rider; Milos Forman, Filmografia. Rocky Horror Picture Show di J. Sharman: Analisi. Approfondimenti: Rock e Libert&#xE0; dei Costumi; Rocky Horror Picture Show, Il Musical; dal Musical al Film; Cultura Camp; fenomeno Audience Partecipation; Jim Sharman, Filmografia. tommy di K. Russell: Analisi. Approfondimenti: Appunti X una fenomenologia concerto Rock; pop Film di Richard Lester; Ken Russell, Filmografia; The Who, Discografia Essenziale; Pete townshend, Discografia."</subfield>
  </datafield>
  <datafield tag="650" ind1=" " ind2=" ">
    <subfield code="a">SAGGI SUL CINEMA</subfield>
  </datafield>
  <datafield tag="650" ind1=" " ind2=" ">
    <subfield code="e">Codice materia Spics: 6811</subfield>
  </datafield>
  <datafield tag="942" ind1=" " ind2=" ">
    <subfield code="c">BK</subfield>
  </datafield>
  <datafield tag="957" ind1=" " ind2=" ">
    <subfield code="7">1</subfield>
  </datafield>
  <datafield tag="999" ind1=" " ind2=" ">
    <subfield code="c">93551</subfield>
    <subfield code="d">93551</subfield>
  </datafield>
  <datafield tag="999" ind1=" " ind2=" ">
    <subfield code="g">1</subfield>
  </datafield>
  <datafield tag="952" ind1=" " ind2=" ">
    <subfield code="0">0</subfield>
    <subfield code="1">0</subfield>
    <subfield code="4">0</subfield>
    <subfield code="6">H_000000000000000_8151</subfield>
    <subfield code="7">1</subfield>
    <subfield code="a">SPICS</subfield>
    <subfield code="b">SPICS</subfield>
    <subfield code="d">2013-03-08</subfield>
    <subfield code="l">0</subfield>
    <subfield code="o">H8151</subfield>
    <subfield code="r">2013-03-08 00:00:00</subfield>
    <subfield code="w">2013-03-08</subfield>
    <subfield code="y">BK</subfield>
    <subfield code="z">Progressivo inserimento:  40875 /  N. Volumi: 1 Copie: 1  / data import: 1 marzo 2013 - By Epidotti, Trombetti, Vaglietti. </subfield>
  </datafield>
</record>
